La crise de 1929 - Statistiques

Statistiques générales
  • Ce quiz a été pris 14 fois
  • Le résultat moyen est 7 sur 21
Statistiques - réponses
Questions Réponses % Correct
Le taux de chômage aux États Unis est multiplié par : 8 (3,2% à 24,9%)
83%
Le PIB américain est entre 1929 et 1933 divisé par : 2 (104->56 milliards de dollars)
50%
Nombres de crises légères avant 1929 : 2 (1924 et 1926-1927)
50%
Nom de la conférence dans laquelle en 1922 un système monétaire internationale est établi autour des monnaies de premier rang (convertible en or) Conférence de Gênes
50%
Nom donné aux bidonvilles durant la crise aux États Unis : "Hooverville"
50%
Nom de l'économiste américain posant les bases de l'état providence en 1926 dans son ouvrage "Théorie générale de l'emploi, de l'intérêt et de la monnaie" John Maynard Keynes
50%
Nom donné à la crise qui suit le krach de 1929 : La Grande dépression
50%
Nom donné à la décennie 1920 (en France ou aux États-Unis) Les années folles / roaring twenties
50%
Date du "jeudi noir" : 24 Octobre 1929
33%
Le commerce international est déséquilibré, en faveur de qui l'est-il ? États Unis
33%
Par quel moyen la consommation de masse se développe-t-elle ? (ayant un impact majeur sur la crise ensuite) La consommation grâce au crédit
33%
Secteur en pleine croissance : Secteur automobile
33%
Exemples de nouvelles manières de travailler (nouvelle doctrine) Taylorisme/Fordisme
33%
Nombre de titres échangés lors du jeudi noir : 13 millions
17%
Investissement aux États Unis divisé par : 16 (16,2 à 1,4 milliards)
17%
Date investiture de Herbert Hoover en tant que président des États-Unis 4 mars 1929
17%
Date investiture de Franklin D Roosevelt en tant que président des États-Unis 4 mars 1933
17%
Date du baisse du taux d'escompte (les intérêts sont déduit du versement initial) de 4% à 3,5% de la "Fed" août 1927
17%
Cette baisse permet l'augmentation de : la bulle spéculative
17%
Facteur de la crise avancé par Milton Friedman et Anna Schwartz : Le facteur financier (fermeture de la moitié des banques américaines, causant de nouvelles faillites car refinancement des débiteurs impossible)
17%
Facteur de la crise évoqués par le précédent économiste : Le "multiplicateur de crise" (licenciement mène à une baisse de consommation qui aggrave la crise)
17%
Aucun quiz correspondant
Distribution des résultats
% des personnes avec chaque résultat
Percentile par nombre de réponses
Votre historique - résultats
Vous n’avez pas pris ce quiz